| 000 | 00883ntm a22002297a 4500 | ||
|---|---|---|---|
| 005 | 20170827122921.0 | ||
| 008 | 170802s2012 xx a frb 000 0 eng d | ||
| 040 |
_aEG-ScBUE _beng _cEG-ScBUE |
||
| 082 | 0 | 4 |
_a624 _bBAT _222 |
| 100 | 1 | _aEl Batrawy, Mohamed Khairy Maawad. | |
| 245 | 1 | 0 |
_aPuplic- private partnership in infrastrastructrual construction project in Egypt / _cMohamed Khairy Maawad El Batrawy. |
| 260 | _c2012. | ||
| 300 |
_a97 p. : _bill. ; _c28 cm. |
||
| 500 | _aA dissertation submitted to the faculty of engineering, The British University in Egypt, in partial fulfillment of the requirements of bachelor degree in civil engineering. | ||
| 590 | _amai allam | ||
| 650 | 7 |
_2BUEsh _aCivil Engineering. _vProjects |
|
| 653 |
_bENGCIV _cAugust2017 |
||
| 655 | _vProjects - Students | ||
| 700 | 1 |
_aOsman, Ayman, _eths. |
|
| 777 | _AProjects - Students | ||
| 942 | _2ddc | ||
| 999 |
_c25419 _d25391 |
||